[Event "AUTO-OPEN-1582"]
[Site "http://www.queenalice.com/game.php?id=600800"]
[Date "2009.6.9"]
[Round "1"]
[White "brunofernandes"]
[Black "Vikoerich"]
[Result "0-1"]
[WhiteElo "2173"]
[BlackElo "2271"]

1. e4 c6 2. d3 d5 3. Nd2 e5 4. Ngf3 Bg4 5. h3 Bxf3 6. Nxf3 Nd7 7. exd5 cxd5 8.
Be2 Ngf6 9. O-O Bd6 10. c4 O-O 11. d4 e4 12. Nd2 Qc7 13. cxd5 Nb6 14. Qb3 Bh2+
15. Kh1 Bf4 16. g3 Bd6 17. Kg2 Rac8 18. Bg4 Nxg4 19. hxg4 Rfe8 20. Re1 e3 21.
Rxe3 Rxe3 22. Qxe3 Nxd5 23. Qf3 Nb4 24. Nb3 Nc2 25. Rb1 Ne1+ 0-1

[Event "AUTO-OPEN-1582"]
[Site "http://www.queenalice.com/game.php?id=600801"]
[Date "2009.6.9"]
[Round "1"]
[White "Vikoerich"]
[Black "brunofernandes"]
[Result "1-0"]
[WhiteElo "2289"]
[BlackElo "2188"]

1. e4 c5 2. Nf3 d6 3. d4 cxd4 4. Nxd4 Nf6 5. Nc3 e5 6. Bb5+ Nbd7 7. Nf5 a6 8.
Be2 Nc5 9. Bg5 Ncxe4 10. Nxg7+ Bxg7 11. Nxe4 Qa5+ 12. Nc3 Ne4 13. Qd5 Qxd5 14.
Nxd5 Nxg5 15. Nc7+ Kd7 16. Nxa8 Kc6 17. h4 Ne6 18. Rh3 e4 19. Rb3 Bd4 20. Rd1 b5
21. Rb4 Bb7 22. Rbxd4 Nxd4 23. Rxd4 d5 24. c3 Rxa8 25. Kd2 Rg8 26. g4 Bc8 27. g5
h6 28. gxh6 Rh8 29. h5 Rxh6 30. a4 f5 31. axb5+ axb5 32. Rb4 Ba6 33. Ke3 Kd6 34.
Kf4 Rh8 35. Rb3 Rh7 36. Ra3 Bb7 37. Ra5 Bc6 38. Ra6 Kc5 39. b4+ Kd6 40. Bxb5
Rxh5 41. Rxc6+ Ke7 42. Ke5 Rh2 43. Re6+ 1-0

[Event "AUTO-OPEN-923"]
[Site "http://www.queenalice.com/game.php?id=606769"]
[Date "2009.6.21"]
[Round "3"]
[White "K19"]
[Black "Vikoerich"]
[Result "1-0"]
[WhiteElo "2353"]
[BlackElo "2300"]

1. d4 d5 2. c4 c6 3. e3 e6 4. Nf3 Nf6 5. Bd3 Be7 6. Nc3 O-O 7. O-O dxc4 8. Bxc4
c5 9. dxc5 Bxc5 10. Qe2 Nc6 11. Rd1 Qc7 12. a3 Na5 13. Ba2 Bb6 14. b4 Qxc3 15.
Bb2 Qc6 16. bxa5 Bd8 17. Rac1 Qa6 18. Rc4 Qxa5 19. Bc3 Qa6 20. Bb4 Re8 21. Ne5
b5 22. Rf4 Qb7 23. Bb1 a5 24. Bc5 Qc7 25. Bd6 Qa7 26. g4 b4 27. g5 Ba6 28. Qf3
1-0

[Event "AUTO-OPEN-923"]
[Site "http://www.queenalice.com/game.php?id=606770"]
[Date "2009.6.21"]
[Round "3"]
[White "Vikoerich"]
[Black "K19"]
[Result "0-1"]
[WhiteElo "2311"]
[BlackElo "2342"]

1. e4 c5 2. Nf3 d6 3. d4 cxd4 4. Nxd4 Nf6 5. Nc3 a6 6. Be3 e5 7. Nb3 Be6 8. Nd5
Nbd7 9. Be2 Nxe4 10. Bf3 f5 11. Qd3 Qc8 12. Bxe4 fxe4 13. Qxe4 Qc6 14. O-O-O a5
15. Kb1 a4 16. Nc1 Ra5 17. c4 Nf6 18. Nxf6+ gxf6 19. Qh4 Qxc4 20. Qxf6 Rg8 21.
Bg5 Qc8 22. Nd3 Rg6 23. Rc1 Qd7 24. Qf3 Rxg5 25. Ka1 Qb5 26. Qe2 a3 0-1

[Event "AUTO-OPEN-923"]
[Site "http://www.queenalice.com/game.php?id=606771"]
[Date "2009.6.21"]
[Round "3"]
[White "Ikki_de_Fenix"]
[Black "Vikoerich"]
[Result "1/2-1/2"]
[WhiteElo "2546"]
[BlackElo "2293"]

1. d4 d5 2. c4 e6 3. Nf3 Nf6 4. Nc3 c6 5. e3 Nbd7 6. Bd3 Bb4 7. O-O O-O 8. Bd2
dxc4 9. Bxc4 b6 10. Rc1 Bb7 11. Qe2 c5 12. Ba6 Bxa6 13. Qxa6 Qc8 14. Qd3 Qb7 15.
Rfd1 cxd4 16. exd4 Rfd8 17. h3 Rac8 18. Nb5 Rxc1 19. Rxc1 Bxd2 20. Qxd2 a6 21.
Nd6 Qd5 22. Nc8 Qxa2 23. Ne7+ Kf8 24. Nc6 Re8 25. Qb4+ Kg8 26. Ne7+ Kh8 27. Ne5
Nxe5 28. dxe5 Nd7 29. Qd4 Nc5 30. b4 Qa4 31. Ra1 Nb3 32. Rxa4 Nxd4 33. Rxa6 h6
34. Ra7 Kh7 35. Rd7 Nc2 36. Nc6 Rc8 37. Na7 Ra8 38. b5 Kg6 39. g4 f6 40. Nc6
Ra1+ 41. Kh2 Ne1 42. h4 Ra3 43. Ne7+ Kf7 44. Nc8+ Kg6 45. Ne7+ Kf7 46. Nc8+
1/2-1/2

[Event "AUTO-OPEN-923"]
[Site "http://www.queenalice.com/game.php?id=606772"]
[Date "2009.6.21"]
[Round "3"]
[White "Vikoerich"]
[Black "Ikki_de_Fenix"]
[Result "0-1"]
[WhiteElo "2298"]
[BlackElo "2542"]

1. e4 e5 2. Nf3 Nc6 3. Bb5 a6 4. Ba4 Nf6 5. O-O Be7 6. Re1 b5 7. Bb3 O-O 8. d3
d6 9. Nc3 Na5 10. Bg5 h6 11. Be3 c6 12. Qe2 Qc7 13. h3 Nxb3 14. axb3 Re8 15. b4
a5 16. bxa5 Rxa5 17. Qf1 Rxa1 18. Rxa1 d5 19. exd5 b4 20. d6 Qxd6 21. Na4 Nd5
22. Re1 Qf6 23. Qe2 Bf5 24. Bd2 Bd6 25. c4 bxc3 26. Nxc3 Nxc3 27. Bxc3 Qe6 28.
d4 e4 29. Ne5 c5 30. Nc4 cxd4 31. Bxd4 Bb8 32. b3 Qc6 33. Qh5 Be6 34. Qe2 Bc8
35. Bb6 Qg6 36. Qe3 Kh7 37. Kh1 f5 38. Ba5 f4 39. Qb6 Qg5 40. Bc3 Bxh3 41. gxh3
Qh4 0-1

[Event "AUTO-OPEN-934"]
[Site "http://www.queenalice.com/game.php?id=617147"]
[Date "2009.7.11"]
[Round "3"]
[White "Vikoerich"]
[Black "Chris93"]
[Result "1-0"]
[WhiteElo "2300"]
[BlackElo "1993"]

1. e4 d5 2. exd5 Nf6 3. d4 Nxd5 4. c4 Nf6 5. Nf3 e6 6. Nc3 Nc6 7. Be2 Bd6 8. Bg5
O-O 9. O-O Re8 10. Re1 Be7 11. Qd2 h6 12. Bf4 a6 13. Rad1 Bd6 14. a3 b6 15. Ne5
Bb7 16. Bf3 Nxe5 17. dxe5 Bxf3 18. gxf3 g5 19. Bg3 Be7 20. exf6 Bxf6 21. Ne4 Bg7
22. Qxd8 Rexd8 23. Rxd8+ Rxd8 24. Bxc7 Rc8 25. Bxb6 Bxb2 26. c5 Bxa3 27. Re3 Bb4
28. Nd6 Rc6 29. Nb7 a5 30. Rd3 a4 31. Rd4 Bxc5 32. Bxc5 Rc7 33. Rd8+ Kg7 34. Rb8
Kf6 35. Ba3 Rc4 36. Nd6 Rd4 37. Bb2 e5 38. Ne4+ Rxe4 39. fxe4 Ke6 40. Rb6+ 1-0

[Event "Desafio #1"]
[Site "http://www.queenalice.com/game.php?id=617734"]
[Date "2009.7.12"]
[Round "-"]
[White "Aylton"]
[Black "Vikoerich"]
[Result "0-1"]
[WhiteElo "1960"]
[BlackElo "2254"]

1. d4 d5 2. Nf3 Nf6 3. e3 Bg4 4. h3 Bh5 5. c4 e6 6. Nc3 c5 7. a3 Nc6 8. dxc5
dxc4 9. Qxd8+ Rxd8 10. g4 Bg6 11. Bxc4 Bxc5 12. b4 Be7 13. Bb2 Ne4 14. O-O h5
15. Rfd1 hxg4 16. hxg4 Bf6 17. Rxd8+ Kxd8 18. Na4 Bxb2 19. Nxb2 Nf6 20. g5 Be4
21. Rd1+ Kc7 22. Be2 Nh7 23. Nd4 Nxd4 24. Rxd4 Nxg5 25. f4 Rh1+ 26. Kf2 Rh2+ 27.
Kf1 Bf3 28. Bxf3 Nxf3 29. Rc4+ Kd6 30. Nd3 Nd2+ 31. Kg1 Nxc4 32. Kxh2 Nxa3 33.
Ne5 f5 34. Nd3 Nc2 0-1

[Event "Desafio #2"]
[Site "http://www.queenalice.com/game.php?id=617735"]
[Date "2009.7.12"]
[Round "-"]
[White "Vikoerich"]
[Black "Aylton"]
[Result "1-0"]
[WhiteElo "2257"]
[BlackElo "1988"]

1. e4 c5 2. Nf3 Nc6 3. d4 cxd4 4. Nxd4 e5 5. Nb5 d6 6. c4 a6 7. N5c3 f5 8. Nd5
fxe4 9. Be3 Bf5 10. Bb6 Qd7 11. Nc7+ Kf7 12. Nxa8 Nf6 13. Nc3 Be7 14. Nc7 Rc8
15. N7d5 Nxd5 16. Nxd5 Bf8 17. Be2 Ne7 18. Be3 g6 19. O-O Nxd5 20. Qxd5+ Kg7 21.
Rad1 Qe7 22. b3 h6 23. g4 Be6 24. Qxe4 b5 25. cxb5 axb5 26. f4 exf4 27. Bxf4 d5
28. Qe5+ Kh7 29. Bxb5 Bg7 30. Qe3 d4 31. Qe4 Rc5 32. Bd3 Qe8 33. Rfe1 Rc6 34.
Bc4 1-0

[Event "AUTO-OPEN-1582"]
[Site "http://www.queenalice.com/game.php?id=692756"]
[Date "2009.12.4"]
[Round "2"]
[White "an2lec"]
[Black "Vikoerich"]
[Result "1-0"]
[WhiteElo "2528"]
[BlackElo "2339"]

1. e4 c6 2. d4 d5 3. Nc3 dxe4 4. Nxe4 Bf5 5. Ng3 Bg6 6. h4 h6 7. Nf3 Nf6 8. Ne5
Bh7 9. Bd3 Bxd3 10. Qxd3 e6 11. Bf4 Nbd7 12. O-O-O Be7 13. Qe2 O-O 14. Kb1 Qa5
15. Nxd7 Nxd7 16. Ne4 Rad8 17. g4 Nf6 18. Nxf6+ Bxf6 19. Be3 Be7 20. g5 Kh7 21.
gxh6 gxh6 22. Bg5 hxg5 23. hxg5+ Kg7 24. Rh7+ Kg8 25. Rdh1 Qf5 26. Qh5 Qg6 27.
Qh2 Bxg5 28. Rh5 Kg7 29. f4 Be7 30. Rh7+ Kg8 31. Rh6 Kg7 32. a3 Qg4 33. Rh7+ Kf6
34. Rg1 Qxg1+ 35. Qxg1 Rg8 36. Qe1 Bd6 37. Qh4+ Kf5 38. Rxf7+ Ke4 39. f5+ Kd5
40. fxe6 1-0

[Event "AUTO-OPEN-1582"]
[Site "http://www.queenalice.com/game.php?id=692757"]
[Date "2009.12.4"]
[Round "2"]
[White "Vikoerich"]
[Black "an2lec"]
[Result "0-1"]
[WhiteElo "2346"]
[BlackElo "2524"]

1. e4 e5 2. Nf3 Nc6 3. Bb5 a6 4. Ba4 Nf6 5. O-O Be7 6. Re1 b5 7. Bb3 O-O 8. c3
d5 9. exd5 Nxd5 10. Nxe5 Nxe5 11. Rxe5 c6 12. d4 Bd6 13. Re1 Qh4 14. g3 Qh3 15.
Re4 g5 16. Qf1 Qxf1+ 17. Kxf1 Bf5 18. f3 h6 19. Re1 Rae8 20. a4 Bd3+ 21. Kf2
Rxe1 22. Kxe1 Re8+ 23. Kd2 Bf1 24. axb5 axb5 25. Bxd5 cxd5 26. Ra6 Bf8 27. Kc2
Re2+ 28. Nd2 Rxh2 29. Rf6 Kg7 30. Rf5 Bd6 31. Rxd5 Bxg3 32. b3 Bf4 33. Rc5 h5
34. c4 h4 35. d5 Rg2 36. Rc6 h3 37. d6 Kf6 38. d7+ Ke7 0-1

[Event "AUTO-OPEN-1582"]
[Site "http://www.queenalice.com/game.php?id=692764"]
[Date "2009.12.4"]
[Round "2"]
[White "jagvg"]
[Black "Vikoerich"]
[Result "0-1"]
[WhiteElo "2405"]
[BlackElo "2323"]

1. Nf3 Nf6 2. c4 d5 3. cxd5 Nxd5 4. e4 Nb4 5. d4 c5 6. dxc5 Qxd1+ 7. Kxd1 Bg4 8.
Nd2 g6 9. h3 Bxf3+ 10. Nxf3 Bg7 11. Bd2 N4c6 12. Kc1 Nd7 13. Be3 O-O 14. Bb5
Rac8 15. Kb1 Rfd8 16. Re1 a6 17. Bxc6 Rxc6 18. Rd1 Kf8 19. Ne1 Ke8 20. Rc1 Nxc5
21. Bxc5 Rd2 22. Ba3 Rxc1+ 23. Kxc1 Bh6 24. Nf3 Rxf2+ 25. Kd1 Rxg2 26. Ke1 Bf4
27. Kf1 Rg3 28. Ke2 Rxh3 29. Bc5 g5 30. Rg1 f6 31. Ne1 h5 32. Nd3 Rh2+ 33. Bf2
Bb8 34. Kf1 Kd7 35. Nc5+ Kc6 36. Nd3 Bd6 37. e5 Bc7 38. Rg3 Rh1+ 39. Ke2 g4 40.
exf6 exf6 41. Re3 h4 42. Re6+ Kd5 43. Rxf6 g3 44. Be3 g2 45. Rf5+ Ke6 46. Rh5 h3
47. Rh6+ Kf5 48. Rh5+ Kg6 49. Rg5+ Kf7 50. Nf2 g1=Q 51. Rxg1 Rxg1 52. Nxh3 Ra1
53. Bd4 Rxa2 54. Ng5+ Kg6 55. Nf3 Kf5 56. Kd3 Kf4 57. Nh4 Kg4 58. Ng2 Kf5 59.
Ne3+ Ke6 60. Ke4 Ra4 61. b3 Rxd4+ 62. Kxd4 Bb6+ 63. Kd3 Bxe3 64. Kxe3 Ke5 65.
Kd3 Kd5 66. b4 Kc6 67. Kc4 Kb6 68. Kc3 Kb5 69. Kb3 b6 70. Kc3 Ka4 71. Kc4 b5+
72. Kc5 Kb3 73. Kb6 Kxb4 0-1

[Event "AUTO-OPEN-1582"]
[Site "http://www.queenalice.com/game.php?id=692765"]
[Date "2009.12.4"]
[Round "2"]
[White "Vikoerich"]
[Black "jagvg"]
[Result "1/2-1/2"]
[WhiteElo "2337"]
[BlackElo "2364"]

1. e4 e5 2. Nf3 Nc6 3. Bb5 Bc5 4. Nxe5 Qg5 5. Ng4 h5 6. Bxc6 dxc6 7. d4 Qxg4 8.
Qxg4 Bb4+ 9. c3 hxg4 10. cxb4 Be6 11. Nc3 O-O-O 12. Be3 f5 13. exf5 Bxf5 14. b5
cxb5 15. Nxb5 Bd3 16. Nc3 Nf6 17. O-O-O Bc4 18. Kc2 Nd5 19. b3 Nxc3 20. Kxc3 Bd5
21. Rdg1 Rde8 22. Kd3 Re6 23. h3 Ra6 24. hxg4 Rxh1 25. Rxh1 Rxa2 26. Rh8+ Kd7
27. Rh7 Bxb3 28. Rxg7+ Kc6 29. f3 b5 30. Bf4 Bc4+ 31. Kc3 Ra3+ 32. Kb2 Ra2+ 33.
Kb1 Rxg2 34. Rxc7+ Kb6 35. Rc5 Ka5 36. Kc1 Kb4 37. Bd2+ Kb3 38. Re5 b4 39. g5 a5
40. Re3+ Ka4 41. f4 Rg4 42. Re5 Bd3 43. d5 Rg1+ 44. Be1 Kb5 45. Kd2 Kc4 46. d6
Rg2+ 47. Ke3 b3 48. d7 Re2+ 49. Kf3 Rxe5 50. fxe5 b2 51. d8=Q b1=Q 52. Qc8+ Kb5
53. Qd7+ Ka6 54. Qc6+ Ka7 55. Bf2+ Kb8 56. Qd6+ Kc8 57. Qf8+ Kb7 58. Qe7+ Ka6
59. Qa7+ Kb5 60. Qb6+ Ka4 61. Qxb1 Bxb1 62. e6 Kb3 63. e7 Bg6 64. Bc5 Kc4 65.
Ba3 Kd5 66. Ke3 Ke5 67. Bb2+ Kd6 68. Bf6 a4 69. Kd4 a3 70. Kc3 Bf7 71. g6 Bxg6
72. Kb3 Bf7+ 73. Kxa3 Be8 74. Kb4 Ke6 75. Bh4 Kd6 76. Ka5 Kc7 77. Be1 Kd6 78.
Bb4+ Kc7 79. Bc5 1/2-1/2

[Event "AUTO-OPEN-1582"]
[Site "http://www.queenalice.com/game.php?id=692770"]
[Date "2009.12.4"]
[Round "2"]
[White "Vikoerich"]
[Black "brunofernandes"]
[Result "1-0"]
[WhiteElo "2315"]
[BlackElo "2192"]

1. e4 e5 2. Nf3 Nc6 3. Bb5 Nf6 4. O-O Nxe4 5. d4 Nd6 6. Bxc6 dxc6 7. dxe5 Nf5 8.
Qxd8+ Kxd8 9. Rd1+ Ke8 10. b3 h6 11. Bb2 Be6 12. c4 Rd8 13. Nc3 Be7 14. Ne2 g5
15. Kf1 Rg8 16. Nc3 h5 17. Ne4 g4 18. Ng1 c5 19. Ne2 h4 20. Rxd8+ Kxd8 21. Rd1+
Kc8 22. Nf4 g3 23. hxg3 hxg3 24. Nxe6 fxe6 25. Rd3 gxf2 26. Kxf2 Rh8 27. Bc3
Bh4+ 28. g3 Be7 29. g4 Nh4 30. Rh3 Ng6 31. Rh5 Rf8+ 32. Ke3 Kd8 33. Rh6 Rg8 34.
Nf6 Rg7 35. g5 Bf8 36. Ke4 Ke7 37. Rh1 1-0

[Event "AUTO-OPEN-1582"]
[Site "http://www.queenalice.com/game.php?id=692771"]
[Date "2009.12.4"]
[Round "2"]
[White "brunofernandes"]
[Black "Vikoerich"]
[Result "0-1"]
[WhiteElo "2302"]
[BlackElo "2303"]

1. h4 e5 2. h5 d5 3. a4 Nc6 4. a5 Nf6 5. d3 h6 6. Bd2 Bc5 7. c3 O-O 8. b4 Bd6 9.
e3 a6 10. Na3 Qe7 11. Be2 d4 12. Nc4 dxc3 13. Bxc3 Bxb4 14. Bxb4 Qxb4+ 15. Qd2
Qxd2+ 16. Kxd2 Rd8 17. Kc3 Bf5 18. Nh3 Rd7 19. Rab1 Rad8 20. Rxb7 Bxd3 21. Bxd3
Rxd3+ 22. Kc2 R3d5 23. Rc1 R8d7 24. Ng1 Nxh5 0-1

[Event "Challenge"]
[Site "http://www.queenalice.com/game.php?id=694558"]
[Date "2009.12.8"]
[Round "-"]
[White "lesbbica"]
[Black "Vikoerich"]
[Result "0-1"]
[WhiteElo "2226"]
[BlackElo "2301"]

1. e4 e5 2. Nf3 Nc6 3. Bb5 a6 4. Ba4 Nf6 5. O-O Be7 6. Re1 b5 7. Bb3 O-O 8. c3
d5 9. exd5 Nxd5 10. Nxe5 Nxe5 11. Rxe5 c6 12. d4 Bd6 13. Re1 Qh4 14. h3 Bxh3 15.
Bxd5 Bh2+ 16. Kf1 cxd5 17. gxh3 Qxh3+ 18. Ke2 Rae8+ 19. Kd2 Qf5 20. Rxe8 Rxe8
21. Qf1 h5 22. f3 Bg3 23. Na3 Re1 24. Qxe1 Bxe1+ 25. Kxe1 Qxf3 26. Nc2 h4 27. a4
h3 28. Kd2 h2 29. axb5 h1=Q 30. Ne1 Qh2+ 31. Ng2 Qhxg2+ 32. Ke1 Qfe2# 0-1